000 00636nam a22002297a 4500
001 00028948
005 20260429082638.0
008 260429b ag ||||| |||| 00| 0 spa d
020 _a847583356
040 _aAR-CcCEOS
_bspa
_cAR-CcCEOS
041 _aspa
080 _a94:7(32)
090 _bBAI v.1
100 1 _aBaines, John
_91149
245 _aEgipto :
_bDioses, templos y faraones : Volumen I /
_cJohn Baines y Jaromir Málek
264 _aBarcelona :
_bFolio,
_c1993.
300 _a119 p. ;
_c24x18 cm.
490 _vAtlas culturales del mundo
650 0 _ahistoria
_990
655 0 _aarte
_9138
942 _2udc
_cBK
_n0
999 _c29001
_d29001